A Simple free energy model for weakly interacting polymer blends (Record no. 45516)

MARC details
000 -LEADER
fixed length control field 00370nam a2200133Ia 4500
100 ## - MAIN ENTRY--AUTHOR NAME
Personal name Ruzette Anne-Valerie G
245 #2 - TITLE STATEMENT
Title A Simple free energy model for weakly interacting polymer blends
260 ## - PUBLICATION, DISTRIBUTION, ETC. (IMPRINT)
Name of publisher Macromolecules
Year of publication 2001
300 ## - PHYSICAL DESCRIPTION
Number of Pages 1894-1907
650 ## - SUBJECT ADDED ENTRY--TOPICAL TERM
Topical Term Polymer blends
700 ## - ADDED ENTRY--PERSONAL NAME
Personal name Mayes Anne M
942 ## - ADDED ENTRY ELEMENTS (KOHA)
Koha item type Reprints
Holdings
Withdrawn status Lost status Damaged status Not for loan Home library Current library Shelving location Date acquired Serial Enumeration / chronology Accession Number Koha item type
      Reprints RRII Library RRII Library Rubber chemistry 22/12/2021 Volume 34, Issue 6 P01508 Reprints